Muerte y transfiguración de martin fierro : ensayo de interpretación de la vida argentina iii /
Guardado en:
| Autor Principal: | |
|---|---|
| Formato: | Libro |
| Publicado: |
Buenos Aires :
Centro Editor de América Latina,
1983
|
| Series: | Las nuevas propuestas; No. 15
|
| Materias: | |
| Etiquetas: |
Agregar Etiqueta
Sin Etiquetas, Sea el primero en etiquetar este registro!
|
| LEADER | 00912nam a22002415a 4500 | ||
|---|---|---|---|
| 001 | CEM.cems009701 | ||
| 005 | 20080722124112.0 | ||
| 008 | 130507s1983##################000#0#####d | ||
| 003 | CEMS | ||
| 020 | |a 9502506553 | ||
| 082 | 0 | 4 | |a A864.4 |
| 100 | 1 | |a Martínez Estrada, Ezequiel | |
| 245 | 1 | 0 | |a Muerte y transfiguración de martin fierro : |b ensayo de interpretación de la vida argentina iii / |c Ezequiel Martínez Estrada |
| 260 | |a Buenos Aires : |b Centro Editor de América Latina, |c 1983 | ||
| 300 | |a 342 p. | ||
| 490 | 0 | |a Las nuevas propuestas; No. 15 | |
| 505 | 0 | |a La frontera -- El territorio -- Los habitantes -- Las luchas con el indio -- El gaucho -- El orbe histórico | |
| 653 | |a Literatura | ||
| 653 | |a Literatura argentina | ||
| 653 | |a Ensayos | ||
| 653 | |a Ensayo argentino-siglo 20 | ||
| 653 | |a Martín fierro-análisis del | ||
| 859 | |a CEMS |b BIB. CEMS - 11 de abril |h A864.4 |i M366 |p 19258.97 |t Ej.1 |v 3 |3 3 | ||
